000 00447nam a2200181Ia 4500
001 20758
005 20260306172829.0
008 260306t2024||||xx |||||||||||||| ||spa||
041 _aESP
082 _a343.8
_bA47M
100 _aAlva Matteucci, Mario,
_eAUT
245 0 _aManual de infracciones y sanciones tributarias
260 _c2024
300 _a559 páginas :
_c25 cm.
650 _aGEN
654 _aCDE
942 _cLIB
_dJUS
_fJUS
_2ddc
_n
999 _c20758
_d20758